10 arts, 10 questions #1 - Culture générale - Statistiques

Statistiques générales
  • Ce quiz a été pris 307 fois
  • Le résultat moyen est 9 sur 15
Statistiques - réponses
Nom de l'art Indice Réponse % Correct
4e art : Musique Instruments composant habituellement un quatuor à cordes 2 violons
93%
2e art :Sculpture Sculpteur florentin des XV et XVIe siècles, connu pour son célèbre "David" ou pour le plafond de la chapelle Sixtine Michel-Ange
91%
4e art : Musique Instruments composant habituellement un quatuor à cordes 1 violoncelle
84%
10e art : Jeux vidéos Jeux dominants le marché des jeux de simulation de football pendant plusieurs décennies FIFA (EA FC)
83%
3e art : Arts visuels Axe de prise de vue du bas vers le haut en photographie(ou au cinéma) Contre-plongée
72%
6e art : Arts de la scène Genre théâtral au dénouement malheureux, repésenté entre autre dans Phèdre de Racine Tragédie
71%
5e art : Littérature Genre littéraire dans lequel le récit se compose de lettres écrites entre les personnages Roman épistolaire
69%
7e art : Cinéma Ces 2 films ont reçu 11 Oscars, mais pas celles du meilleur acteur ou de la meilleure actrice Titanic
65%
4e art : Musique Instruments composant habituellement un quatuor à cordes 1 alto
59%
9e art : Bande dessinée Auteurs historiques des aventures d'Astérix Albert Uderzo
58%
9e art : Bande dessinée Auteurs historiques des aventures d'Astérix René Goscinny
54%
10e art :Jeux vidéos Jeux dominants le marché des jeux de simulation de football pendant plusieurs décennies PES (EFootball)
40%
1er art : Architecture Mouvement d'architecture né dans les années 1910 prônant un retour à des formes classiques et épurées, en opposition à l'Art nouveau Art déco
35%
7e art : Cinéma Ces 2 films ont reçu 11 Oscars, mais pas celles du meilleur acteur ou de la meilleure actrice Le Seigneur des Anneaux(Le Retour du roi)
33%
8e art : Arts médiatiques Premier modèle de télévision développé commercialement au début du XXe siècle Télévision mécanique
1%
Aucun quiz correspondant
Distribution des résultats
% des personnes avec chaque résultat
Percentile par nombre de réponses
Votre historique - résultats
Vous n’avez pas pris ce quiz